[Event "CAN-ch U10"]
[Site "Ottawa"]
[Date "2013.07.10"]
[Round "3"]
[White "Jia, Yu Luo"]
[Black "Currie, Ethan"]
[Result "1-0"]
[WhiteElo "770"]
[BlackElo "1085"]
[PlyCount "31"]
[EventDate "2013.07.10"]
[EventType "swiss"]
[EventRounds "6"]
[EventCountry "CAN"]
[SourceTitle "EXT 2022"]
[Source "ChessBase"]
[SourceDate "2021.10.06"]
[SourceVersion "1"]
[SourceVersionDate "2021.10.06"]
[SourceQuality "1"]

1. e4 e5 2. Nf3 Nc6 3. Nc3 Nf6 4. Bb5 Nb4 5. Nxe5 c6 6. Bc4 Qe7 7. Nxf7 Rg8 8. d3 d5 9. a3 dxc4 10. axb4 Qxf7 11. 0-0 Qg6 12. g3 Ng4 13. dxc4 Qh5 14. h4 Qf7 15. Bg5 Bxb4 16. Qd8# 1-0